Gorbatchev de A à Z - Statistiques

Statistiques générales
  • Ce quiz a été pris 16 fois
  • Le résultat moyen est 13 sur 24
Statistiques - réponses
Hint Réponse % Correct
N Il obtient le prix ____ de la paix en 1990 Nobel
100%
C Dirigeant de Cuba qu'il rencontre trois fois entre 1986 et 1989 Castro
93%
M Il meurt dans cette ville en 2022 Moscou
93%
O Il déplore l'entrée des anciens pays du pacte de Varsovie dans cette alliance OTAN
93%
A Il fait retirer les troupes soviétiques de ce pays en 1989 Afghanistan
87%
U Ce pays lui interdit d'entrer sur son territoire après qu'il ait endossé l'annexion de la Crimée par Poutine en 2014 Ukraine
87%
V Il en augmente le prix de 30% afin de lutter contre l'alcoolisme Vodka
87%
E Il succède à Gorbatchev en 1991, après avoir interdit le PCUS Eltsine
80%
H Le magazine Time lui décerne ce titre en 1987 Homme de l'année
80%
L Il déclare peu avant sa mort que "____ demeure notre dieu à tous" Lénine
80%
B Il signe avec lui l'accord START I et proclame la fin de la guerre froide Bush
67%
P Réforme visant l'économie Perestroïka
60%
D Il fait ses études supérieures dans ce domaine Droit
53%
J Il permet, en 1985, la publication du livre de Pasternak "Le Docteur _____" Jivago
53%
W Il signe dans cette ville un accord avec Reagan visant à réduire de 50% l'arsenal nucléaire de leurs pays Washington
53%
G Nom donné à la réforme visant la diffusion de l'information, souvent traduite par "transparence" Glasnost
47%
T Il meurt en 1985, et Gorbatchev lui succède Tchernenko
20%
R Prénom de son épouse Raissa
13%
K Nom donné aux jeunesses communistes, dont il faisait parti Komsomol
7%
F Il est à sa résidence d'été dans cette ville de Crimée lorsqu'un putsch manqué a lieu à Moscou en 1991 Foros
0%
I Un de ses plus proche collaborateurs, il est ambassadeur de l'URSS au Canada Iakovlev
0%
S Il naît dans ce district, dans la ville de Privolnoïe Stavropol
0%
X Premier congrès du parti auquel il assiste XXe
0%
Z Terme utilisé pour critiquer la stagnation sous Brejnev Zastoï
0%
Aucun quiz correspondant
Distribution des résultats
% des personnes avec chaque résultat
Percentile par nombre de réponses
Votre historique - résultats
Vous n’avez pas pris ce quiz